000 00290nam a22001337a 4500
008 170601b xxu||||| |||| 00| 0 eng d
020 _a9780395652374
041 _aeng
080 _a94(100)
100 _a17
101 _aSHH
245 _aWORLD HISTORY
_cSTEARNS.P.N
942 _2udc
_cBK
999 _c15260
_d15260